| 000 | 00896nam a2200229 a 4500 | ||
|---|---|---|---|
| 005 | 20250312063750.0 | ||
| 008 | 070328s2002 mx r 000 0 spa d | ||
| 020 | _a9586556247 | ||
| 035 | _aUPN01000150033 | ||
| 049 | _aCG | ||
| 050 | 4 |
_aHA29.5 E8 _bS8.2 |
|
| 100 | 1 | _aStrauss, Anselm L. | |
| 245 | 1 | 0 |
_aBases de la investigacón cualitativa : _btécnicas y procedimientos para desarrollar la teoría fundamentada / _cAnselm Strauss L., Juliet Corbin ; tr. Eva Zimmerman. |
| 260 |
_aMedellín : _bUniversidad de Antioquia, Facultad de Enfermería, _c2002. |
||
| 300 | _a341 p. | ||
| 440 | 0 | _aContus | |
| 534 |
_pTraducción de: _tBasics of qualitative research. Techniques and procedures for developing grounded theory |
||
| 650 | 4 |
_aCiencias sociales _xMétodos estadísticos _97036 |
|
| 650 | 2 |
_aTeoría fundamentada _97057 |
|
| 700 | 1 |
_aCorbin, Juliet, _d1942- _ecoaut. |
|
| 905 | _aLibro | ||
| 999 |
_c122174 _d122174 |
||